Normal view
MARC view
Entry Personal Name
001 - CONTROL NUMBER
- control field: 81754
003 - CONTROL NUMBER IDENTIFIER
- control field: OSt
005 - DATE AND TIME OF LATEST TRANSACTION
- control field: 20230223131129.0
008 - FIXED-LENGTH DATA ELEMENTS
- fixed length control field: 230223|| aca||aabn | a|a d
040 ## - CATALOGING SOURCE
- Original cataloging agency: OSt
- Transcribing agency: OSt
100 ## - HEADING--PERSONAL NAME
- Personal name: गुप्ताा,सुषमा
670 ## - SOURCE DATA FOUND
- Source citation: Work cat.: (OSt)65915: गुप्ताा,सुषमा , शीबा की रानी मकेडा , 2019









